[Event "Dobczyce2015"]
[Site "Dobczyce "]
[Date "2015.??.??"]
[Round "5.3"]
[White "Klementys, Jerzy"]
[Black "Swiech, Przemyslaw"]
[Result "1/2-1/2"]
[WhiteElo "1652"]
[BlackElo "2256"]
[PlyCount "90"]
[EventDate "2015.??.??"]

1. d4 Nf6 2. c4 c5 3. d5 e6 4. Nc3 exd5 5. cxd5 d6 6. Nf3 g6 7. h3 Bg7 8. e4
O-O 9. Bd3 a6 10. a4 Nbd7 11. O-O Rb8 12. Bf4 Qe7 13. Re1 Ne8 14. Qc2 Nc7 15.
a5 b5 16. axb6 Rxb6 17. Ra4 Ne5 18. Nxe5 Bxe5 19. Bxe5 Qxe5 20. Qd2 Bd7 21. f4
Qg7 22. Ra2 Qd4+ 23. Qe3 Rfb8 24. Qxd4 cxd4 25. Nd1 Rb4 26. Re2 Ra4 27. Rxa4
Bxa4 28. Nf2 a5 29. Rd2 Rb4 30. g4 Kf8 31. g5 Ke7 32. Ng4 Bb5 33. Bxb5 Nxb5 34.
Kg2 Rb3 35. h4 a4 36. Rc2 d3 37. Rd2 Nd4 38. Nf2 Nc2 39. Nxd3 Na3 40. Kf2 Nc4
41. Rc2 Na3 42. Rd2 Nb5 43. Ke3 Kd7 44. Rc2 a3 45. bxa3 Rxa3 1/2-1/2

[Event "Dobczyce2015"]
[Site "Dobczyce "]
[Date "2015.??.??"]
[Round "5.4"]
[White "Brozyna, Mateusz"]
[Black "Gawronski, Lukasz"]
[Result "0-1"]
[WhiteElo "1783"]
[BlackElo "2006"]
[PlyCount "64"]
[EventDate "2015.??.??"]

1. e4 c5 2. Nf3 Nc6 3. Bb5 Nf6 4. e5 Ng4 5. Bxc6 dxc6 6. h3 Nh6 7. O-O g6 8. b3
Bg7 9. Bb2 O-O 10. Na3 Nf5 11. Re1 Nd4 12. d3 Qd5 13. Nxd4 cxd4 14. Qe2 c5 15.
Rad1 b6 16. c3 Bb7 17. f3 dxc3 18. Bxc3 Rad8 19. d4 Rd7 20. Kh1 Rfd8 21. dxc5
Qxd1 22. Rxd1 Rxd1+ 23. Kh2 bxc5 24. Qb5 R8d7 25. Qxc5 R1d3 26. Qb4 a5 27. Qc4
R7d5 28. Nc2 Rxc3 29. Qe4 Bxe5+ 30. f4 Rb5 31. Qe2 Bxf4+ 32. Kg1 Re5 0-1

[Event "Dobczyce2015"]
[Site "Dobczyce "]
[Date "2015.??.??"]
[Round "5.5"]
[White "Gromada, Andrzej"]
[Black "Sleczka, Bartosz"]
[Result "1/2-1/2"]
[WhiteElo "1821"]
[BlackElo "1899"]
[PlyCount "76"]
[EventDate "2015.??.??"]

1. d4 Nf6 2. c4 g6 3. Nc3 Bg7 4. e4 d6 5. Be2 O-O 6. Bg5 c5 7. d5 Na6 8. h3 Qa5
9. Bd2 Re8 10. Nf3 e6 11. O-O exd5 12. exd5 Qb6 13. Nb5 Nc7 14. a4 Nxb5 15.
axb5 Qc7 16. Bd3 Bd7 17. Ba5 Qc8 18. Bc3 a6 19. bxa6 Rxa6 20. Rxa6 bxa6 21. Re1
Qb7 22. Qd2 Rxe1+ 23. Nxe1 Ne8 24. Nc2 Qb3 25. Na1 Qa2 26. Nc2 Ba4 27. Ne3 Nf6
28. g4 Nd7 29. Bxg7 Kxg7 30. Qc3+ Kg8 31. Qa5 Ne5 32. Bf1 Bb3 33. Qd8+ Kg7 34.
Qxd6 Qxb2 35. Qxa6 Nf3+ 36. Kg2 Ne1+ 37. Kg1 Nf3+ 38. Kg2 Ne1+ 1/2-1/2

[Event "Dobczyce2015"]
[Site "Dobczyce "]
[Date "2015.??.??"]
[Round "5.6"]
[White "Golenia, Jan"]
[Black "Golenia, Wojciech"]
[Result "1/2-1/2"]
[WhiteElo "1792"]
[BlackElo "1750"]
[PlyCount "79"]
[EventDate "2015.??.??"]

1. Nf3 e6 2. c4 c5 3. Nc3 Nc6 4. d3 d5 5. Bf4 d4 6. Ne4 Nf6 7. Bg5 Be7 8. Bxf6
gxf6 9. g3 e5 10. Bg2 Rg8 11. Ned2 Be6 12. Qa4 Qd7 13. a3 Nb8 14. Qxd7+ Nxd7
15. Rb1 Rb8 16. O-O h5 17. Ne1 h4 18. Nc2 f5 19. Bh3 Rh8 20. Kg2 Nf8 21. b4 Ng6
22. bxc5 Rg8 23. Kh1 Rh8 24. Bg2 f4 25. Kg1 hxg3 26. Rxb7 gxf2+ 27. Rxf2 Rxb7
28. Bxb7 Bxc5 29. Ne4 Be7 30. Nb4 Kd7 31. Bc6+ Kc7 32. Bb5 Kb6 33. Kh1 a6 34.
Ba4 a5 35. Nc2 f5 36. Nd2 Bc8 37. Kg1 Bb7 38. Nf3 Rg8 39. Rg2 Bf6 40. Kf1
1/2-1/2

[Event "Dobczyce2015"]
[Site "Dobczyce "]
[Date "2015.??.??"]
[Round "5.7"]
[White "Bielecki, Andrzej"]
[Black "Lanoszka, Tadeusz"]
[Result "0-1"]
[WhiteElo "1381"]
[BlackElo "1418"]
[PlyCount "60"]
[EventDate "2015.??.??"]

1. c4 e5 2. Nc3 c5 3. g3 Nf6 4. Bg2 Nc6 5. d3 d6 6. e3 Be6 7. Nge2 d5 8. cxd5
Nxd5 9. a3 Qd7 10. O-O O-O-O 11. Nxd5 Bxd5 12. e4 Be6 13. Nc3 Qxd3 14. Qxd3
Rxd3 15. Be3 Be7 16. Nd5 Bxd5 17. exd5 Nd4 18. Bxd4 Rxd4 19. Rfe1 Bd6 20. Rac1
b6 21. b4 c4 22. Re2 b5 23. Be4 g6 24. g4 Rf8 25. Bg2 Rxg4 26. Kf1 f5 27. Rec2
Rd4 28. Ke2 e4 29. Rd2 Rxd2+ 30. Kxd2 Bf4+ 0-1

[Event "Dobczyce2015"]
[Site "Dobczyce "]
[Date "2015.??.??"]
[Round "6.1"]
[White "Kyc, Jerzy"]
[Black "Klementys, Jerzy"]
[Result "1-0"]
[WhiteElo "2127"]
[BlackElo "1652"]
[PlyCount "133"]
[EventDate "2015.??.??"]

1. e4 c6 2. Nf3 d5 3. Nc3 Bg4 4. h3 Bxf3 5. Qxf3 Nf6 6. d3 e6 7. g4 Bb4 8. Bd2
d4 9. Nb1 Qa5 10. Bg2 O-O 11. c3 dxc3 12. Nxc3 Na6 13. O-O Qd8 14. Rad1 Nc7 15.
Qg3 Nd7 16. d4 f6 17. a3 Ba5 18. b4 Bb6 19. d5 e5 20. Kh1 Nb5 21. Nxb5 cxb5 22.
f4 Bd4 23. Qd3 a6 24. fxe5 Bxe5 25. Be3 Rc8 26. Rc1 Rxc1 27. Rxc1 Qb8 28. d6
Rc8 29. Qd5+ Kf8 30. Rxc8+ Qxc8 31. Qe6 Qe8 32. Qd5 Qc8 33. g5 Qc6 34. gxf6
Qxd5 35. fxg7+ Kxg7 36. exd5 Bxd6 37. Be4 Ne5 38. Bd4 Kf8 39. Bf5 Nc4 40. Bc8
Nxa3 41. Bxb7 Bxb4 42. Bxa6 Bd6 43. Kg2 Nc2 44. Bf2 b4 45. Bc4 Kg7 46. Bb3 Na3
47. Kf3 Kf6 48. Ke4 Kg5 49. h4+ Kg6 50. h5+ Kxh5 51. Kf5 Nb5 52. Bd1+ Kh6 53.
Kf6 Bf4 54. Bc5 Nd6 55. Bxb4 Ne8+ 56. Kf7 Nd6+ 57. Ke6 Ne8 58. Kf5 Bg3 59. Bf8+
Ng7+ 60. Kf6 Bh4+ 61. Kf7 Bg3 62. Bxg7+ Kg5 63. Bf6+ Kh6 64. Bc2 Bd6 65. Bg7+
Kg5 66. Bxh7 Kf4 67. Ke6 1-0

[Event "Dobczyce2015"]
[Site "Dobczyce "]
[Date "2015.??.??"]
[Round "6.2"]
[White "Gawronski, Lukasz"]
[Black "Bednarczyk, Damian"]
[Result "0-1"]
[WhiteElo "2006"]
[BlackElo "2103"]
[PlyCount "64"]
[EventDate "2015.??.??"]

1. d4 d5 2. Nf3 Nf6 3. Bf4 e6 4. e3 Bd6 5. Bd3 O-O 6. O-O c5 7. dxc5 Bxf4 8.
exf4 Qc7 9. Ne5 Nbd7 10. Re1 Nxc5 11. Bf1 Nce4 12. Re3 Qb6 13. Nc3 Nxf2 14.
Kxf2 d4 15. Rd3 dxc3+ 16. Kf3 cxb2 17. Rb1 Qb4 18. Rd4 Qa3+ 19. Rd3 Qc5 20.
Rxb2 b6 21. Rbb3 Bb7+ 22. Kg3 Ne4+ 23. Kg4 g5 24. Kh5 gxf4 25. Qg4+ Kh8 26.
Qxf4 f6 27. Rd7 Qxe5+ 28. Qxe5 fxe5 29. Rxb7 Rxf1 30. Re3 Rf4 31. g3 Nf6+ 32.
Kh6 Rf5 0-1

[Event "Dobczyce2015"]
[Site "Dobczyce "]
[Date "2015.??.??"]
[Round "6.3"]
[White "Mucha, Roman"]
[Black "Slabek, Grzegorz"]
[Result "1-0"]
[WhiteElo "2203"]
[BlackElo "2002"]
[PlyCount "95"]
[EventDate "2015.??.??"]

1. f4 g6 2. Nf3 Bg7 3. g3 Nf6 4. Bg2 O-O 5. O-O d5 6. d3 c5 7. Nc3 d4 8. Na4
Qc7 9. c4 Nbd7 10. Rb1 Nb6 11. b4 Nxa4 12. Qxa4 Bd7 13. Qa3 b6 14. bxc5 bxc5
15. Ne5 Rab8 16. Bd2 Rfc8 17. Rb3 Rxb3 18. axb3 Ng4 19. Nxd7 Qxd7 20. Ra1 Rc7
21. Qa4 Ne3 22. Qxd7 Rxd7 23. Bc6 Rc7 24. Ra6 e5 25. Ba5 Re7 26. fxe5 Bxe5 27.
Bf3 Nc2 28. Rc6 Na1 29. Rxc5 Nxb3 30. Rc8+ Kg7 31. Bb4 Rc7 32. Ra8 f5 33. Kg2
h6 34. h4 h5 35. Bd5 Kh7 36. Re8 Bf6 37. Bd6 Rd7 38. c5 Na5 39. Rb8 Kg7 40. c6
Nxc6 41. Bf8+ Kh7 42. Bxc6 Rd8 43. Rxd8 Bxd8 44. Bc5 Bb6 45. Bxb6 axb6 46. Kf3
Kg7 47. Kf4 Kf6 48. Be8 1-0

[Event "Dobczyce2015"]
[Site "Dobczyce "]
[Date "2015.??.??"]
[Round "6.4"]
[White "Swiech, Przemyslaw"]
[Black "Sleczka, Bartosz"]
[Result "0-1"]
[WhiteElo "2256"]
[BlackElo "1899"]
[PlyCount "81"]
[EventDate "2015.??.??"]

1. d4 Nf6 2. c4 g6 3. Nf3 Bg7 4. g3 O-O 5. Bg2 d6 6. O-O Nc6 7. Nc3 a6 8. e4
Rb8 9. a3 Na5 10. Nd2 c5 11. d5 b5 12. cxb5 axb5 13. b4 cxb4 14. axb4 Nc4 15.
Nxc4 bxc4 16. Rb1 Ng4 17. Qc2 f5 18. h3 Ne5 19. Be3 Nd3 20. Ne2 Nxb4 21. Qd2
fxe4 22. Bd4 Bxd4 23. Qxd4 Qb6 24. Qxc4 e3 25. Kh2 Ba6 26. Qg4 exf2 27. Qe6+
Kh8 28. Rb2 Bd3 29. Be4 Qe3 30. Bxd3 Qxe6 31. dxe6 Nxd3 32. Rxb8 Rxb8 33. Nc3
Rb2 34. Nd5 Re2 35. Nxe7 Rxe6 36. Nd5 Re5 37. Nc3 d5 38. Nb5 Kg7 39. g4 Kf6 40.
Nd4 Re3 41. Nc2 0-1

[Event "Dobczyce2015"]
[Site "Dobczyce "]
[Date "2015.??.??"]
[Round "6.5"]
[White "Golenia, Wojciech"]
[Black "Gromada, Andrzej"]
[Result "1-0"]
[WhiteElo "1750"]
[BlackElo "1821"]
[PlyCount "91"]
[EventDate "2015.??.??"]

1. e4 g6 2. d4 Bg7 3. c4 d6 4. Nc3 Nf6 5. Nf3 O-O 6. Be2 e5 7. O-O Nc6 8. d5
Ne7 9. Be3 Ng4 10. Bg5 f6 11. Bh4 h5 12. Nd2 Nh6 13. f3 g5 14. Bf2 h4 15. c5
Ng6 16. Nc4 Rf7 17. cxd6 cxd6 18. Nb5 Bf8 19. Bxa7 Nf4 20. Bb6 Qd7 21. a4 Rg7
22. Bc7 Ra6 23. Rc1 g4 24. Nb6 Rxb6 25. Bxb6 Nxg2 26. Rc7 Qxc7 27. Nxc7 gxf3
28. Kh1 fxe2 29. Qxe2 Bh3 30. Rg1 f5 31. Qf3 Bg4 32. Qxg2 h3 33. Qf2 fxe4 34.
Rg3 Be7 35. Be3 Bf3+ 36. Kg1 Ng4 37. Ne6 Rg6 38. Qc2 Kf7 39. Qc7 Bg2 40. Bg5
Nf6 41. Bxf6 Kxf6 42. Rxg6+ Kxg6 43. Qxe7 e3 44. Qg5+ Kf7 45. Qg7+ Ke8 46. Qf8+
1-0

[Event "Dobczyce2015"]
[Site "Dobczyce "]
[Date "2015.??.??"]
[Round "6.6"]
[White "Lanoszka, Tadeusz"]
[Black "Golenia, Jan"]
[Result "0-1"]
[WhiteElo "1418"]
[BlackElo "1792"]
[PlyCount "106"]
[EventDate "2015.??.??"]

1. Nf3 d5 2. d4 c5 3. c4 e6 4. cxd5 exd5 5. Nc3 Nc6 6. dxc5 Be6 7. e3 Bxc5 8.
Be2 Nf6 9. O-O O-O 10. b3 Rc8 11. Bb2 Qe7 12. a4 Rfd8 13. Nd4 Nxd4 14. exd4 Bb4
15. Rc1 a6 16. Qd3 Qd7 17. Qd1 h6 18. Bd3 Qd6 19. f4 Bg4 20. Be2 Bxe2 21. Nxe2
Ne4 22. Rf3 f5 23. g3 Rc6 24. Rxc6 Qxc6 25. Qd3 Rc8 26. Bc1 Qb6 27. Bb2 Qc6 28.
Bc1 Qc2 29. Qe3 Bc3 30. Rf1 Kf7 31. Qf3 Nf6 32. Ba3 Bd2 33. Bd6 Qe4 34. Bc5 Rc6
35. Ba3 Rc2 36. Qxe4 Nxe4 37. Bc1 Bb4 38. Rf2 Be1 39. Rf1 Rxe2 40. Rf3 Rc2 41.
Ba3 Bf2+ 42. Kg2 Bxd4+ 43. Kh3 Nf2+ 44. Kg2 Ng4+ 45. Kf1 Nxh2+ 46. Ke1 Nxf3+
47. Kd1 Rd2+ 48. Kc1 Be3 49. Kb1 Nd4 50. Ka1 Nxb3+ 51. Kb1 Bd4 52. Bc1 Nxc1 53.
Kxc1 Ra2 0-1

[Event "Dobczyce2015"]
[Site "Dobczyce "]
[Date "2015.??.??"]
[Round "6.7"]
[White "Mazurkiewicz, Adam"]
[Black "Brozyna, Mateusz"]
[Result "0-1"]
[WhiteElo "1378"]
[BlackElo "1783"]
[PlyCount "76"]
[EventDate "2015.??.??"]

1. e4 c5 2. Bc4 e6 3. Nc3 Nc6 4. Nf3 a6 5. a4 Nge7 6. d4 cxd4 7. Nxd4 Nxd4 8.
Qxd4 Nc6 9. Qd1 Bc5 10. O-O O-O 11. Kh1 Qc7 12. f4 Ne7 13. e5 d6 14. Qe2 dxe5
15. Qxe5 Qxe5 16. fxe5 Ng6 17. Re1 Bd4 18. Bd3 Nxe5 19. Re4 Nxd3 20. Rxd4 Nxc1
21. Rxc1 e5 22. Rd5 f6 23. Rcd1 Bf5 24. R1d2 Kf7 25. h3 Ke7 26. g4 Be6 27. Rd6
h5 28. gxh5 Rh8 29. R6d3 Rxh5 30. Rh2 Rah8 31. Kg2 f5 32. Nd1 Rh4 33. b3 f4 34.
Nf2 Bf5 35. Rc3 Kd6 36. Rh1 R4h7 37. Rd1+ Ke6 38. Rh1 g5 0-1

[Event "Dobczyce2015"]
[Site "Dobczyce "]
[Date "2015.??.??"]
[Round "7.1"]
[White "Sleczka, Bartosz"]
[Black "Kyc, Jerzy"]
[Result "0-1"]
[WhiteElo "1899"]
[BlackElo "2127"]
[PlyCount "74"]
[EventDate "2015.??.??"]

1. e4 c5 2. Nf3 d6 3. d4 cxd4 4. Nxd4 Nf6 5. Nc3 a6 6. Be3 e5 7. Nb3 Be7 8. h3
Be6 9. Qf3 b5 10. O-O-O O-O 11. g4 b4 12. Nd5 Bxd5 13. exd5 a5 14. Bd3 a4 15.
Nd2 b3 16. cxb3 axb3 17. a3 Ra4 18. g5 e4 19. Bxe4 Nxe4 20. Nxe4 Qc8+ 21. Nc3
Rxa3 22. Qe4 Ra1+ 23. Kd2 Rxd1+ 24. Rxd1 Re8 25. Qa4 Nd7 26. Qxb3 Ne5 27. Qb4
Nc4+ 28. Kd3 Nxe3 29. fxe3 Bxg5 30. Ne4 Kf8 31. Rg1 Qf5 32. Qc4 Bf6 33. b4 Rc8
34. Qa6 Qxd5+ 35. Ke2 Rc2+ 36. Kf3 Qf5+ 37. Kg3 Be5+ 0-1

[Event "Dobczyce2015"]
[Site "Dobczyce "]
[Date "2015.??.??"]
[Round "7.2"]
[White "Bednarczyk, Damian"]
[Black "Golenia, Wojciech"]
[Result "1-0"]
[WhiteElo "2103"]
[BlackElo "1750"]
[PlyCount "117"]
[EventDate "2015.??.??"]

1. d4 d5 2. c4 e5 3. dxe5 d4 4. Nf3 Nc6 5. g3 Nge7 6. Bg2 Ng6 7. Bg5 Qd7 8. O-O
h6 9. Bd2 Bc5 10. Qa4 a5 11. Qb5 Be7 12. Rd1 Ra6 13. e6 fxe6 14. Qh5 Kf7 15.
Bf4 a4 16. Rxd4 Qe8 17. Ne5+ Ncxe5 18. Bxe5 Kf8 19. Bxc7 Bf6 20. Rd2 Bd7 21.
Nc3 a3 22. Rad1 axb2 23. Rxd7 Rc6 24. Bxc6 bxc6 25. Nb1 Kg8 26. Bd8 Be5 27. Re7
Kh7 28. Rxe8 Rxe8 29. Rd7 c5 30. e3 Rf8 31. f4 Bf6 32. Bxf6 Rxf6 33. Qxc5 Rf8
34. Qxf8 Nxf8 35. Rb7 h5 36. a4 h4 37. a5 hxg3 38. hxg3 Kh6 39. a6 e5 40. a7 g5
41. a8=Q gxf4 42. Qxf8+ Kh5 43. Rg7 fxg3 44. Kg2 e4 45. Kxg3 Kh6 46. Kf4 Kh5
47. Kxe4 Kh6 48. c5 Kh5 49. c6 Kh4 50. c7 Kh5 51. c8=N Kh6 52. Kd3 Kh5 53. e4
Kh4 54. e5 Kh5 55. Nd6 Kh4 56. e6 Kh5 57. e7 Kh6 58. Nf5+ Kh5 59. e8=B# 1-0

[Event "Dobczyce2015"]
[Site "Dobczyce "]
[Date "2015.??.??"]
[Round "7.3"]
[White "Golenia, Jan"]
[Black "Mucha, Roman"]
[Result "0-1"]
[WhiteElo "1792"]
[BlackElo "2203"]
[PlyCount "126"]
[EventDate "2015.??.??"]

1. d4 f5 2. e4 fxe4 3. Nc3 Nf6 4. Bg5 Nc6 5. d5 Ne5 6. Qe2 Nf7 7. Bxf6 exf6 8.
Qxe4+ Qe7 9. O-O-O Qxe4 10. Nxe4 f5 11. Nc3 Bc5 12. Bd3 g6 13. Re1+ Kd8 14. f4
c6 15. Nf3 Kc7 16. a3 a5 17. Na4 Bd6 18. g3 b5 19. Nc3 b4 20. Nb1 cxd5 21. a4
Bb7 22. Nbd2 Bc6 23. b3 Bc5 24. Re2 Nd6 25. Rd1 Ne4 26. Bxe4 fxe4 27. Ne5 Bb7
28. Nf1 d6 29. Nf7 Rhe8 30. Ne3 d4 31. Nc4 e3 32. Nb2 Re7 33. Nh6 Bf3 34. Rde1
d3 35. Nxd3 Bd4 36. h3 Kb6 37. Ng4 Bxe2 38. Rxe2 Rc8 39. Nh2 Kc6 40. Nf3 Bf6
41. Nfe1 Kd5 42. Nf3 h6 43. Nh2 Rc3 44. Kd1 Rxd3+ 45. cxd3 Kd4 46. Ng4 Bg7 47.
Kc2 h5 48. Nh2 Rc7+ 49. Kd1 Kxd3 50. Nf3 Rc1+ 51. Kxc1 Kxe2 52. Ng5 d5 53. Ne6
d4 54. Nxg7 d3 55. f5 d2+ 56. Kb2 d1=Q 57. f6 Qd4+ 58. Ka2 Qxf6 59. Ne8 Qc6 60.
Ng7 Kd2 61. g4 Kc1 62. gxh5 Qc2+ 63. Ka1 Qb2# 0-1

[Event "Dobczyce2015"]
[Site "Dobczyce "]
[Date "2015.??.??"]
[Round "7.4"]
[White "Brozyna, Mateusz"]
[Black "Swiech, Przemyslaw"]
[Result "0-1"]
[WhiteElo "1783"]
[BlackElo "2256"]
[PlyCount "120"]
[EventDate "2015.??.??"]

1. e4 c5 2. Nf3 Nc6 3. d4 cxd4 4. Nxd4 e5 5. Nb5 d6 6. N1c3 a6 7. Na3 b5 8. Nd5
Nce7 9. c4 Nxd5 10. exd5 Nf6 11. cxb5 Be7 12. Be2 O-O 13. O-O Ne4 14. Kh1 Bg5
15. f3 Bxc1 16. Rxc1 Nf6 17. bxa6 Bxa6 18. Bxa6 Rxa6 19. Nb5 Rxa2 20. Qb3 Ra8
21. Rc6 Rb8 22. Qc4 Qa5 23. Nxd6 Qxd5 24. Qxd5 Nxd5 25. Rc5 Ne3 26. Rb1 f6 27.
Nc4 Nf5 28. b4 Rfc8 29. Rxc8+ Rxc8 30. Nb6 Rb8 31. Nd7 Rb5 32. Nc5 Kf7 33. Ne4
Ke6 34. Kg1 Nd4 35. Kf2 Nc6 36. Nc3 Rxb4 37. Rxb4 Nxb4 38. Nb5 Nd5 39. Na3 Kd6
40. Nc4+ Kc5 41. Nd2 f5 42. Nf1 Kd4 43. Ng3 g6 44. Ne2+ Kd3 45. Nc1+ Kc2 46.
Ne2 Kd2 47. Ng3 Kd3 48. Ne2 Nc3 49. Ng3 f4 50. Nf1 Nd1+ 51. Ke1 Ne3 52. Kf2 g5
53. h3 h6 54. Nh2 h5 55. g3 Nd1+ 56. Kg2 Ke2 57. h4 Ne3+ 58. Kh3 g4+ 59. fxg4
hxg4+ 60. Nxg4 Nxg4 0-1

[Event "Dobczyce2015"]
[Site "Dobczyce "]
[Date "2015.??.??"]
[Round "7.5"]
[White "Slabek, Grzegorz"]
[Black "Lanoszka, Tadeusz"]
[Result "1/2-1/2"]
[WhiteElo "2002"]
[BlackElo "1418"]
[PlyCount "84"]
[EventDate "2015.??.??"]

1. Nf3 Nf6 2. d4 e6 3. c4 c6 4. Qb3 d5 5. Nc3 Be7 6. Bg5 Nbd7 7. e3 Ne4 8. Bxe7
Qxe7 9. cxd5 exd5 10. Nxe4 dxe4 11. Nd2 Nf6 12. Bc4 O-O 13. O-O b5 14. Be2 Be6
15. Qc2 Bd5 16. Nb3 Nd7 17. Rfc1 f5 18. g3 g5 19. Qd2 Rf7 20. Nc5 Nf6 21. a4
bxa4 22. Rxa4 Rg7 23. Ba6 Rb8 24. Rb4 Qd6 25. Rxb8+ Qxb8 26. b3 f4 27. Be2 h5
28. Na6 Qd6 29. Qb4 Qe6 30. Qb8+ Kh7 31. Nc5 Qh3 32. Bf1 Qg4 33. Qe5 Rg6 34.
Re1 h4 35. Bg2 hxg3 36. hxg3 f3 37. Qe7+ Kh8 38. Bf1 Qh5 39. Ne6 Bxe6 40. Qxe6
Ng4 41. Qe8+ Kh7 42. Qf7+ Kh6 1/2-1/2

[Event "Dobczyce2015i"]
[Site "Dobczyce "]
[Date "2015.??.??"]
[Round "7.7"]
[White "Klementys, Jerzy"]
[Black "Bielecki, Andrzej"]
[Result "1-0"]
[WhiteElo "1652"]
[BlackElo "1381"]
[PlyCount "57"]
[EventDate "2015.??.??"]

1. d4 d5 2. c4 c6 3. Nf3 Nf6 4. Nc3 e6 5. Bg5 Be7 6. e3 Nbd7 7. Rc1 O-O 8. Bd3
b6 9. O-O c5 10. cxd5 exd5 11. Bb1 Ba6 12. Re1 c4 13. Ne5 Qc7 14. Qa4 Bc8 15.
Bf4 Nxe5 16. Bxe5 Qd8 17. e4 Bd7 18. Qc2 dxe4 19. Nxe4 Nxe4 20. Qxe4 g6 21.
Rxc4 Bf5 22. Qf4 Bxb1 23. Rxb1 Bg5 24. Qg4 Qd5 25. b3 Be7 26. Rc7 Bd6 27. Rd7
f5 28. Qh4 Rad8 29. Qxh7# 1-0

[Event "Dobczyce2015"]
[Site "Dobczyce "]
[Date "2015.??.??"]
[Round "7.8"]
[White "Gromada, Andrzej"]
[Black "Mazurkiewicz, Adam"]
[Result "1-0"]
[WhiteElo "1821"]
[BlackElo "1378"]
[PlyCount "25"]
[EventDate "2015.??.??"]

1. e4 e5 2. Bc4 Nf6 3. Nf3 Nc6 4. Ng5 d5 5. exd5 Nxd5 6. Nxf7 Kxf7 7. Qf3+ Ke8
8. Bxd5 Qf6 9. Bxc6+ Qxc6 10. Qh5+ Kd8 11. O-O Qf6 12. d4 Bd6 13. Bg5 1-0

[Event "Dobczyce2015"]
[Site "Dobczyce "]
[Date "2015.??.??"]
[Round "8.1"]
[White "Kyc, Jerzy"]
[Black "Swiech, Przemyslaw"]
[Result "1/2-1/2"]
[WhiteElo "2127"]
[BlackElo "2256"]
[PlyCount "88"]
[EventDate "2015.??.??"]

1. e4 c5 2. Nf3 Nc6 3. d4 cxd4 4. Nxd4 Nf6 5. Nc3 e5 6. Ndb5 d6 7. Bg5 a6 8.
Na3 b5 9. Nd5 Be7 10. Bxf6 Bxf6 11. c3 Ne7 12. Nc2 Nxd5 13. Qxd5 Be6 14. Qc6+
Ke7 15. Ne3 Qd7 16. Nd5+ Bxd5 17. Qxd5 Rac8 18. Be2 Rc5 19. Qb3 d5 20. Qa3 Qd6
21. exd5 Rxd5 22. Qxd6+ Rxd6 23. a4 bxa4 24. Rxa4 Rb8 25. b4 e4 26. Ra3 a5 27.
b5 Rc8 28. c4 Bb2 29. Rb3 Bd4 30. O-O Bc5 31. Ra1 Rf6 32. Rxa5 Bxf2+ 33. Kh1
Rd8 34. Ra2 Bc5 35. h3 Rfd6 36. Rab2 Rb8 37. g4 h5 38. gxh5 f5 39. Rg3 Kf7 40.
Rg5 Kf6 41. Rg6+ Kf7 42. Rg5 Kf6 43. Rg6+ Kf7 44. Rg5 Kf6 1/2-1/2

[Event "Dobczyce2015"]
[Site "Dobczyce "]
[Date "2015.??.??"]
[Round "8.2"]
[White "Gromada, Andrzej"]
[Black "Bednarczyk, Damian"]
[Result "0-1"]
[WhiteElo "1821"]
[BlackElo "2103"]
[PlyCount "116"]
[EventDate "2015.??.??"]

1. d4 d5 2. c4 c6 3. Nf3 e6 4. e3 Nf6 5. b3 Nbd7 6. Bb2 Bd6 7. Bd3 Ne4 8. O-O
O-O 9. Nbd2 f5 10. Ne5 Nxe5 11. dxe5 Bb4 12. Nf3 b6 13. a3 Be7 14. Nd4 Bd7 15.
f3 Ng5 16. f4 Ne4 17. Rf3 c5 18. Ne2 Bc6 19. Rf1 Qd7 20. Qc2 Rad8 21. Rad1 Qb7
22. a4 a6 23. g3 Rd7 24. h3 Rfd8 25. Kh2 b5 26. Nc3 dxc4 27. bxc4 Nxc3 28. Bxc3
bxa4 29. Ba5 Rb8 30. Rb1 Qc8 31. g4 Rxb1 32. Rxb1 Rxd3 33. Qxd3 Be4 34. Qd1
Bxb1 35. Qxb1 g6 36. gxf5 gxf5 37. e4 Qf8 38. Bc3 fxe4 39. Qxe4 Qf5 40. Qxf5
exf5 41. Kg3 Bd8 42. Bb2 Ba5 43. Kh4 Kf7 44. Kg5 Ke6 45. h4 Bd2 46. h5 Be3 47.
Kh6 Bxf4+ 48. Kxh7 Kf7 49. e6+ Kxe6 50. Kg6 Be3 51. Ba3 f4 52. h6 f3 53. h7 Bd4
54. Bxc5 Bh8 55. Bf8 f2 56. Bg7 f1=Q 57. Bxh8 Qf5+ 58. Kh6 Kf7 0-1

[Event "Dobczyce2015"]
[Site "Dobczyce "]
[Date "2015.??.??"]
[Round "8.3"]
[White "Mucha, Roman"]
[Black "Klementys, Jerzy"]
[Result "1-0"]
[WhiteElo "2203"]
[BlackElo "1652"]
[PlyCount "61"]
[EventDate "2015.??.??"]

1. c4 e5 2. Nc3 Nc6 3. Nf3 g6 4. d4 exd4 5. Nxd4 Nxd4 6. Qxd4 Qf6 7. Qe4+ Qe6
8. Qxe6+ fxe6 9. Bf4 d6 10. Nb5 Kd8 11. c5 a6 12. Nxc7 Kxc7 13. cxd6+ Bxd6 14.
Rc1+ Kd7 15. Rd1 Nf6 16. Bxd6 Ke8 17. f3 Kf7 18. Be5 Re8 19. e4 b5 20. Be2 Ra7
21. O-O Rd7 22. Kf2 Red8 23. Rxd7+ Rxd7 24. Rc1 Bb7 25. Ke3 Ng8 26. a4 bxa4 27.
Bd1 a3 28. bxa3 Ne7 29. Ba4 Rd8 30. Rc7 Bc8 31. Bf4 1-0

[Event "Dobczyce2015"]
[Site "Dobczyce "]
[Date "2015.??.??"]
[Round "8.4"]
[White "Gawronski, Lukasz"]
[Black "Golenia, Wojciech"]
[Result "1/2-1/2"]
[WhiteElo "2006"]
[BlackElo "1750"]
[PlyCount "64"]
[EventDate "2015.??.??"]

1. d4 d5 2. c4 e5 3. dxe5 d4 4. Nf3 Nc6 5. g3 Nge7 6. Bg2 Ng6 7. Bg5 Qd7 8. e6
fxe6 9. O-O e5 10. e3 h6 11. Nh4 Nxh4 12. Qh5+ Qf7 13. Qxh4 Rg8 14. Bd5 Be6 15.
Qe4 Kd7 16. exd4 Nxd4 17. Be3 Bxd5 18. cxd5 Bc5 19. Nc3 Rgf8 20. f4 Qf5 21.
fxe5 Ne2+ 22. Kg2 Qxe4+ 23. Nxe4 Bxe3 24. Rae1 Bd4 25. e6+ Ke7 26. Rxf8 Rxf8
27. Rxe2 Rd8 28. Rc2 Be5 29. Rd2 c6 30. dxc6 Rxd2+ 31. Nxd2 bxc6 32. Nc4 Bc7
1/2-1/2

[Event "Dobczyce2015"]
[Site "Dobczyce "]
[Date "2015.??.??"]
[Round "8.5"]
[White "Sleczka, Bartosz"]
[Black "Lanoszka, Tadeusz"]
[Result "1-0"]
[WhiteElo "1899"]
[BlackElo "1418"]
[PlyCount "39"]
[EventDate "2015.??.??"]

1. e4 e5 2. Nf3 Nc6 3. Bc4 Nf6 4. Qe2 d6 5. c3 Be7 6. d4 exd4 7. cxd4 O-O 8.
O-O Re8 9. e5 dxe5 10. dxe5 Bc5 11. Nc3 Bg4 12. Bxf7+ Kxf7 13. Qc4+ Be6 14.
Ng5+ Kg6 15. Nxe6 Qe7 16. Nf4+ Kf5 17. Qd3+ Kg4 18. h3+ Kg5 19. Ng6+ Kh5 20.
Qf5# 1-0

[Event "Dobczyce2015"]
[Site "Dobczyce "]
[Date "2015.??.??"]
[Round "8.7"]
[White "Bielecki, Andrzej"]
[Black "Brozyna, Mateusz"]
[Result "0-1"]
[WhiteElo "1381"]
[BlackElo "1783"]
[PlyCount "58"]
[EventDate "2015.??.??"]

1. c4 f5 2. e4 fxe4 3. d3 Nf6 4. Nc3 exd3 5. Bxd3 e6 6. Nf3 Be7 7. O-O O-O 8.
Bg5 c6 9. Qc2 h6 10. Bxf6 Bxf6 11. Rfe1 d6 12. Rad1 Na6 13. a3 Nc5 14. Bg6 a5
15. b4 axb4 16. axb4 Na6 17. Qb1 Bxc3 18. Re3 Bxb4 19. Bh7+ Kh8 20. g3 g5 21.
h4 Bc5 22. Red3 Qf6 23. Rb3 e5 24. hxg5 hxg5 25. Kg2 Kg7 26. Rh1 g4 27. Be4 Nb4
28. Rh7+ Kg8 29. Qh1 Ra2 0-1

[Event "Dobczyce2015"]
[Site "Dobczyce "]
[Date "2015.??.??"]
[Round "8.8"]
[White "Mazurkiewicz, Adam"]
[Black "Golenia, Jan"]
[Result "0-1"]
[WhiteElo "1378"]
[BlackElo "1792"]
[PlyCount "46"]
[EventDate "2015.??.??"]

1. e4 c6 2. d4 d5 3. e5 Bf5 4. g4 Bg6 5. h4 h6 6. h5 Bh7 7. Nc3 e6 8. Bd3 Bxd3
9. Qxd3 Nd7 10. Be3 Qa5 11. Bd2 Rc8 12. Nce2 Qb6 13. b3 c5 14. c4 cxd4 15. f4
dxc4 16. bxc4 Qc6 17. Nf3 Nc5 18. Qa3 Qe4 19. Kd1 Rd8 20. Ng3 Qc6 21. Rf1 Ne4
22. Qxa7 Bc5 23. Qa5 Nxg3 0-1

[Event "Dobczyce2015"]
[Site "Dobczyce "]
[Date "2015.??.??"]
[Round "9.1"]
[White "Bednarczyk, Damian"]
[Black "Slabek, Grzegorz"]
[Result "1/2-1/2"]
[WhiteElo "2103"]
[BlackElo "2002"]
[PlyCount "30"]
[EventDate "2015.??.??"]

1. d4 g6 2. c4 Bg7 3. Nc3 f5 4. h4 Nf6 5. h5 Nxh5 6. e4 fxe4 7. Rxh5 gxh5 8.
Qxh5+ Kf8 9. Bh6 d5 10. Bxg7+ Kxg7 11. Qe5+ Kg6 12. Nxd5 Nc6 13. Qg3+ Kf7 14.
Qf4+ Kg6 15. Qg3+ Kf7 1/2-1/2

[Event "Dobczyce2015"]
[Site "Dobczyce "]
[Date "2015.??.??"]
[Round "9.2"]
[White "Mucha, Roman"]
[Black "Sleczka, Bartosz"]
[Result "1/2-1/2"]
[WhiteElo "2203"]
[BlackElo "1899"]
[PlyCount "96"]
[EventDate "2015.??.??"]

1. b3 Nf6 2. Bb2 d5 3. f4 c5 4. Nf3 Nc6 5. e3 g6 6. Bb5 Bg7 7. Ne5 Qb6 8. Nc3
O-O 9. Bxc6 bxc6 10. Na4 Qa5 11. Nxc6 Qc7 12. Ne5 Ne4 13. O-O f6 14. Nf3 Bd7
15. d3 Nd6 16. Nc3 Bc6 17. Qe2 Rae8 18. e4 d4 19. Nd1 e5 20. fxe5 fxe5 21. Bc1
Bd7 22. a4 Bg4 23. h3 Bc8 24. Bd2 Bd7 25. Nb2 Rb8 26. Qe1 Rbe8 27. Qh4 Bc8 28.
Nh2 Be6 29. Ng4 Bxg4 30. Qxg4 Qc8 31. Qxc8 Rxc8 32. a5 Rxf1+ 33. Rxf1 Rb8 34.
Ra1 Bf8 35. a6 Rb5 36. Kf1 Kf7 37. Ke2 Ke6 38. Nc4 Nxc4 39. dxc4 Rb6 40. Ra5
Be7 41. Kd3 Bd6 42. b4 Rc6 43. b5 Rb6 44. Ra1 Rb8 45. Ba5 Kd7 46. Rb1 Ra8 47.
Ke2 Bb8 48. g4 Bd6 {zapis nieczytelny} 1/2-1/2